El bienestar en brechas (Registro nro. 3838)
[ vista simple ]
| 000 -LEADER | |
|---|---|
| fixed length control field | 02372 a2200241 4500 |
| 001 - CONTROL NUMBER | |
| control field | 44889 |
| 005 - DATE AND TIME OF LATEST TRANSACTION | |
| control field | 20260407155723.0 |
| 008 - FIXED-LENGTH DATA ELEMENTS--GENERAL INFORMATION | |
| fixed length control field | 260407a2015 arg spa d |
| 003 - CONTROL NUMBER IDENTIFIER | |
| control field | AR-UNSa-BCEJYS |
| 040 ## - CATALOGING SOURCE | |
| Original cataloging agency | AR-UNSa-BCEJYS |
| Language of cataloging | spa |
| Transcribing agency | AR-UNSa-BCEJYS |
| 080 ## - UNIVERSAL DECIMAL CLASSIFICATION NUMBER | |
| Universal Decimal Classification number | 304.4(82) |
| Common auxiliary subdivision | Aspectos generales de las políticas y prácticas sociales y culturales en Argentina (política social) |
| 020 ## - INTERNATIONAL STANDARD BOOK NUMBER | |
| International Standard Book Number | 978-987-691-449-9 |
| 041 ## - LANGUAGE CODE | |
| Language code of text/sound track or separate title | spa |
| 100 1# - MAIN ENTRY--PERSONAL NAME | |
| Personal name | Gamallo, Gustavo |
| 245 10 - TITLE STATEMENT | |
| Title | El bienestar en brechas |
| Name of part/section of a work | las políticas sociales en la Argentina de la posconvertibilidad |
| 264 #1 - PRODUCTION, PUBLICATION, DISTRIBUTION, MANUFACTURE, AND COPYRIGHT NOTICE | |
| Place of production, publication, distribution, manufacture | Buenos Aires : |
| Name of producer, publisher, distributor, manufacturer | Biblos |
| Date of production, publication, distribution, manufacture, or copyright notice | 2015 |
| 300 ## - PHYSICAL DESCRIPTION | |
| Extent | 339 p. |
| Dimensions | 23 cm. |
| 505 ## - FORMATTED CONTENTS NOTE | |
| Formatted contents note | Primera Parte: Brechas contributivas: 1. Régimen previsional, seguros provinciales de salud materno-infantil transferencias a la familias en la Argentina de la pos convertibilidad / Gustavo Gamallo - 2. Diez años de transferencias a las familias con hijos en la Argentina (2003-2013): una propuesta de periodización / Pilar Arcidiácono - 3. La cuestión federal pendiente: sistemas previsionales locales y brechas contributivas / Ana María Bestard, Maximiliano Carrasco y Laura Pautassi - Segunda Parte: Brechas no contributivas y su impacto en las políticas sociales: 4. La expansión del cooperativismo de trabajo bajo programas: una mirada sobre el Programa Ingreso Social con Trabajo - Argentina Trabaja / Pilar Arcidiácono y Ángeles Bermúdez - 5. Usos y razones de las condicionalidad en la política social argentina / Mora Straschnoy - Tercera Parte: Brechas en el acceso a la vivienda: 6. La problemática habitacional en la ciudad de Buenos Aires desde la perspectiva de la provisión del bienestar / Verónica Carmona Barrenechea y Giuseppe M. Messina - 7. Las políticas de créditos hipotecarios en la ciudad de Buenos Aires para familias vulnerables: ¿mito o realidad? / Laura Royo - Cuarta Parte: 8. Cuidado, organizaciones y territorio: relaciones en transformación y la reconfiguración del espacio comunitario / Carla Zibecchi - 9. La construcción de un régimen laboral híbrido para el trabajo doméstico: el caso argentino desde la perspectiva de cuidados / Giuseppe M. Messina. |
| 590 ## - LOCAL NOTE (RLIN) | |
| Local note | niveau_biblio:m niveau_hierar:0 |
| 700 1# - ADDED ENTRY--PERSONAL NAME | |
| Personal name | Pautassi, Laura C. |
| 856 41 - ELECTRONIC LOCATION AND ACCESS | |
| Uniform Resource Identifier | <a href="https://www.biblioeco.unsa.edu.ar/pmb/images/libros/L127020.jpg">https://www.biblioeco.unsa.edu.ar/pmb/images/libros/L127020.jpg</a> |
| Link text | Imagen de portada |
| Electronic format type | image/jpeg |
| 942 ## - ADDED ENTRY ELEMENTS (KOHA) | |
| Koha item type | |
| Withdrawn status | Lost status | Damaged status | Not for loan | Home library | Current library | Shelving location | Date acquired | Total checkouts | Full call number | Barcode | Date last seen | Price effective from | Koha item type |
|---|---|---|---|---|---|---|---|---|---|---|---|---|---|
| Biblioteca Prof. Eusebio Cleto del Rey | Biblioteca Prof. Eusebio Cleto del Rey | 07/04/2026 | 304.4(82) P335 | L127020 | 07/04/2026 | 07/04/2026 | Libro |